Тезаурус органических реакций: именные реакции, традиционные реакции и названия этих реакций через классы органических соединений

Bibliographic Details
Corporate Author: Академия наук СССР (АН СССР) Всесоюзный институт научной и технической информации (ВИНИТИ)
Other Authors: Черный А. И. (редактор)
Language:Russian
Published: Москва, Наука, 1980
Subjects:
Format: Book
KOHA link:https://koha.lib.tpu.ru/cgi-bin/koha/opac-detail.pl?biblionumber=88955

MARC

LEADER 00000nam0a2200000 4500
001 88955
005 20231101213632.0
035 |a (RuTPU)RU\TPU\book\95443 
090 |a 88955 
100 |a 20060111d1980 k y0rusy50 ca 
101 0 |a rus 
102 |a RU 
105 |a y e 001zy 
200 1 |a Тезаурус органических реакций  |e именные реакции, традиционные реакции и названия этих реакций через классы органических соединений  |f Академия наук СССР, Всесоюзный институт научной и технической информации; под ред. А. И. Черного 
210 |a Москва  |c Наука  |d 1980 
215 |a 279 с. 
320 |a Указ. в конце кн.: с. 165 - 278 
606 1 |a Органические реакции  |2 stltpush  |3 (RuTPU)RU\TPU\subj\75586  |9 87294 
610 1 |a тезаурусы 
610 1 |a химия 
610 1 |a термины 
610 1 |a дескрипторы 
610 1 |a недискрипторы 
675 |a 547:544.4  |v 3 
702 1 |a Черный  |b А. И.  |4 340 
712 0 2 |a Академия наук СССР (АН СССР)  |b Всесоюзный институт научной и технической информации (ВИНИТИ)  |c (Москва)  |2 stltpush  |3 (RuTPU)RU\TPU\col\8361 
801 1 |a RU  |b 63413507  |c 20060111  |g PSBO 
801 2 |a RU  |b 63413507  |c 20211019  |g PSBO 
942 |c BK